• 首页
  • 本馆介绍
  • 公告通知
  • 最新文献
  • 馆藏检索
  • 电子资源
  • 读者导购
  • 参考咨询
  • 我的图书馆
  • 登录
  • 详细信息显示
  • 放入我的书架
  • 预约/预借图书
  • 作者相关作品
  • 分类相关作品
  • 丛书相关作品
  • 出版社相关作品

书目信息

  • 表格格式
  • 工作单格式
  • 卡片格式
书名: In search of the maquis
作者: H.R. Kedward.
分册号:
分册名:
出版地: Oxford :
 
出版社: Clarendon Press
出版时间: 1993.
页数: xvii, 340 p. :
开本: 24 cm.
丛书名:
中图分类号:
科图分类号:
其他分类号: E19
主题词:
电子资源: http://www.loc.gov/catdir/enhancements/fy0635/92023270-d.html     
000 01296cam a2200313 a 450
001 E0760380034
005 20070428164831.98
008 920708s1993 enkb b 001 0 eng
010    @a92023270
020    @a0-19-820578-3 :@c$49.95.
035    @A(DLC) 92023270
040    @aDLC@cDLC@dDLC
043    @ae-fr---
050 00 @aD802.F82@bS725 1993
082 00 @a940.53/448@2 20
090    @aE19
099    @dE19@ex4
100 1  @aKedward, H. R.@q(Harry Roderick)
245 10 @aIn search of the maquis :@brural resistance in southern France, 1942-1944 / @cH.R. Kedward.
260    @aOxford :@bClarendon Press ;@aNew York :@bOxford University Press,@c1993.
300    @axvii, 340 p. :@bmaps ;@c24 cm.
504    @aIncludes bibliographical references (p. [301]-311) and indexes.
610 20 @aForces franc?aises de l’inte?rieur.
650  0 @aWorld War, 1939-1945@xUnderground movements@zFrance, Southern.
651  0 @aFrance, Southern@xHistory.
856 42 @3 Publisher description@uhttp://www.loc.gov/catdir/enhancements/fy0635/92023270-d.html
906    @a7@bcbu@corignew@d1@eocip@f19@gy-gencatlg
955    @apc17 to ja00 07-08-92; lg12 07-10-92; lg11 07-23-92; aa13 07-24-92; CIP ver. lg15/lg09 05-06-93
991    @bc-GenColl@hD802.F82@iS725 1993@p00025520439@tCopy 1@wBOOKS
    
    In search of the maquis : : rural resistance in southern France, 1942-1944 / / H.R. Kedward.-Oxford : : Clarendon Press ; ; New York : : Oxford University Press, , 1993.
    xvii, 340 p. : : maps ; ; 24 cm.
    Includes bibliographical references (p. [301]-311) and indexes.
    
    ISBN 0-19-820578-3 :$49.95.
    
●
相关链接 在E读中查询图书 在五车中查询图书 在当当中查询图书 在豆瓣中查询图书


正题名:In search of the maquis     索取号:E19/x4         预约/预借

序号 登录号 条形码 馆藏地/架位号 状态 备注
1 6419   300064196   第二样本阅览室/ [索取号:E19/x4] 在馆    
2 6420   300064203   第四借阅区/ [索取号:E19/x4] 在馆    
3 6421   300064212   第四借阅区/ [索取号:E19/x4] 在馆    
4 6422   300064221   密集书库/ [索取号:E19/x4] 在馆    
5 6423   300064230   密集书库/ [索取号:E19/x4] 在馆    
唐山师范学院图书馆 欢迎您!
大连网信软件有限公司© 版权所有